| 000 | 00497nam a2200205Ia 4500 | ||
|---|---|---|---|
| 005 | 20240823052833.0 | ||
| 008 | 240823s9999||||xx |||||||||||||| ||und|| | ||
| 020 | _a978-1-4422-0687-8 | ||
| 041 | _aENGLISH | ||
| 082 | _A809.89282 Q1 | ||
| 100 | _a"Gates,Pamela S" | ||
| 245 | 0 | _aCultural Journeys | |
| 250 | _a1st | ||
| 260 |
_c2011 _bRowman & Littlefield Publisher |
||
| 500 | _aYES | ||
| 650 |
_aJourneys _bGeneral |
||
| 700 | _a" Hallmark,Diannel L" | ||
| 942 | _cBK | ||
| 999 |
_c222802 _d222802 |
||